000 00493nam a2200169 i 4500
001 46871
003 ES-MaACL
007 t|
008 030401s1970 sp ||||1| spa d
110 1 _aEspaña.
_bConsejo de Estado
_93644
245 1 0 _aLey y Reglamento orgánicos /
_cConsejo de Estado.
250 _aEd. oficial.
260 _aMadrid :
_b[Boletín Oficial del Estado],
_c1970.
300 _a230 p. ;
_c17 cm.
852 _aES-MaACL
_jE-5490
_bR.89687
999 _c46871
_d46871